000
00306nam a22001337a 4500
008
170807b xxu||||| |||| 00| 0 eng d
020
_a
9781557553294
041
_a
eng
080
_a
004
100
_a
34
101
_a
SHKI
245
_a
UPGRADING AND MAINTAINING YOUR PC
_c
SCHUELLER, U
942
_2
udc
_c
BK
999
_c
22819
_d
22819